<?xml version="1.0" encoding="UTF-8"?>
<record
    xmlns:xsi="http://www.w3.org/2001/XMLSchema-instance"
    xsi:schemaLocation="http://www.loc.gov/MARC21/slim http://www.loc.gov/standards/marcxml/schema/MARC21slim.xsd"
    xmlns="http://www.loc.gov/MARC21/slim">

  <leader>01486nkm a2200289 i 4500</leader>
  <controlfield tag="001">2976</controlfield>
  <controlfield tag="003">ES-MaACL</controlfield>
  <controlfield tag="005">20250713062526.0</controlfield>
  <controlfield tag="007">khrbo</controlfield>
  <controlfield tag="008">041102s1981    sp --- g      |001||spa d</controlfield>
  <datafield tag="100" ind1="0" ind2=" ">
    <subfield code="a">Alfonso,</subfield>
    <subfield code="d">1902-1990</subfield>
    <subfield code="9">19858</subfield>
  </datafield>
  <datafield tag="245" ind1="1" ind2="3">
    <subfield code="a">El planteamiento comunero </subfield>
    <subfield code="b">: los reinos ib&#xE9;ricos en el esquema imperial de Carlos I [</subfield>
    <subfield code="h">Fotograf&#xED;a] / </subfield>
    <subfield code="c">Alfonso (sello).</subfield>
  </datafield>
  <datafield tag="260" ind1=" " ind2=" ">
    <subfield code="a">[S.l. : </subfield>
    <subfield code="b">s.n.], </subfield>
    <subfield code="c">1981.</subfield>
  </datafield>
  <datafield tag="300" ind1=" " ind2=" ">
    <subfield code="a">3 fot. : </subfield>
    <subfield code="b">b. y n. ; </subfield>
    <subfield code="c">13 x 18 cm.</subfield>
  </datafield>
  <datafield tag="490" ind1="1" ind2=" ">
    <subfield code="a">Conferencias sobre el ordenamiento territorial del estado en la historia de Espa&#xF1;a</subfield>
  </datafield>
  <datafield tag="500" ind1=" " ind2=" ">
    <subfield code="a">Datos basados en invitaci&#xF3;n.</subfield>
  </datafield>
  <datafield tag="511" ind1="0" ind2=" ">
    <subfield code="a">Intervienen: Juan Ignacio Gutierrez Nieto, Jos&#xE9; Alcal&#xE1;-Zamora y Queipo de Llano.</subfield>
  </datafield>
  <datafield tag="518" ind1=" " ind2=" ">
    <subfield code="a">Acto organizado por la Secci&#xF3;n de Historia del Ateneo de Madrid, dirigida por Jos&#xE9; Alcal&#xE1;-Zamora y Queipo de Llano, celebrado en el sal&#xF3;n de actos, el mi&#xE9;rcoles 11 de marzo de 1981, a las 20:00 h.</subfield>
  </datafield>
  <datafield tag="600" ind1="1" ind2="4">
    <subfield code="a">Gutierrez Nieto, Juan Ignacio.</subfield>
    <subfield code="9">61197</subfield>
  </datafield>
  <datafield tag="600" ind1="1" ind2="4">
    <subfield code="a">Alcal&#xE1;-Zamora, Jos&#xE9;,</subfield>
    <subfield code="d">1939-2019</subfield>
    <subfield code="9">19471</subfield>
  </datafield>
  <datafield tag="610" ind1="2" ind2="4">
    <subfield code="a">Ateneo de Madrid-</subfield>
    <subfield code="x">Actos culturales-</subfield>
    <subfield code="y">1981-</subfield>
    <subfield code="v">Fotograf&#xED;as.</subfield>
    <subfield code="9">1892</subfield>
  </datafield>
  <datafield tag="710" ind1="2" ind2=" ">
    <subfield code="a">Ateneo de Madrid. </subfield>
    <subfield code="b">Secci&#xF3;n de Ciencias Hist&#xF3;ricas</subfield>
    <subfield code="9">1981</subfield>
  </datafield>
  <datafield tag="830" ind1="0" ind2=" ">
    <subfield code="a">Conferencias sobre el ordenamiento territorial del Estado en la historia de Espa&#xF1;a</subfield>
    <subfield code="9">176672</subfield>
  </datafield>
  <datafield tag="852" ind1=" " ind2=" ">
    <subfield code="a">ES-MaACL</subfield>
    <subfield code="j">FOT 9/1981</subfield>
  </datafield>
  <datafield tag="856" ind1="4" ind2=" ">
    <subfield code="u">http://www.ateneodemadrid.net/biblioteca_digital/imagenes/1981/0009-1981.jpg</subfield>
    <subfield code="z">Ver imagen</subfield>
  </datafield>
  <datafield tag="999" ind1=" " ind2=" ">
    <subfield code="c">2976</subfield>
    <subfield code="d">2976</subfield>
  </datafield>
  <datafield tag="952" ind1=" " ind2=" ">
    <subfield code="0">0</subfield>
    <subfield code="1">0</subfield>
    <subfield code="4">0</subfield>
    <subfield code="7">0</subfield>
    <subfield code="8">Colecci&#xF3;n_digital</subfield>
    <subfield code="a">ATENEOM</subfield>
    <subfield code="b">ATENEOM</subfield>
    <subfield code="c">DEPOZ</subfield>
    <subfield code="d">2008-01-17</subfield>
    <subfield code="e">SC</subfield>
    <subfield code="l">0</subfield>
    <subfield code="o">FOT 9/1981</subfield>
    <subfield code="p">1003039</subfield>
    <subfield code="r">2023-02-23 00:00:00</subfield>
    <subfield code="w">2023-02-23</subfield>
    <subfield code="y">FOTOGRAFIA</subfield>
  </datafield>
</record>
